000169538 001__ 169538 000169538 005__ 20260304131015.0 000169538 037__ $$aTAZ-TFM-2025-1449 000169538 041__ $$aspa 000169538 1001_ $$aMacovei, Alin Florin 000169538 24200 $$aThe race in auditing to lead Artificial Intelligence 000169538 24500 $$aLa carrera en auditoría por liderar la Inteligencia Artificial 000169538 260__ $$aZaragoza$$bUniversidad de Zaragoza$$c2025 000169538 506__ $$aby-nc-sa$$bCreative Commons$$c3.0$$uhttp://creativecommons.org/licenses/by-nc-sa/3.0/ 000169538 520__ $$aEste Trabajo de Fin de Máster analiza cómo la inteligencia artificial está transformando la auditoría financiera, no solo desde una perspectiva técnica, sino también estratégica, ética y normativa. En un entorno marcado por la digitalización masiva y el crecimiento exponencial de los datos, la auditoría tradicional enfrenta limitaciones que requieren soluciones innovadoras.<br />El trabajo combina revisión documental, investigación empírica (encuesta y entrevistas a expertos del sector) y un caso práctico aplicado a la auditoría de ingresos. En este último, se diseña un prompt estructurado que automatiza la identificación de clientes relevantes mediante criterios objetivos como la materialidad, la concentración de ingresos, la evolución interanual y la frecuencia operativa.<br />Los resultados muestran que la IA mejora la eficiencia y profundidad del análisis, pero también plantea riesgos técnicos, operativos y éticos que deben gestionarse con rigor profesional. El estudio concluye que la IA no sustituye al auditor, sino que redefine su rol, exigiendo nuevas competencias, mayor supervisión y una adaptación normativa progresiva<br /><br /> 000169538 521__ $$aMáster Universitario en Auditoría 000169538 540__ $$aDerechos regulados por licencia Creative Commons 000169538 691__ $$a0 000169538 692__ $$a 000169538 700__ $$aLópez Viñegla, Alfonso$$edir. 000169538 7102_ $$aUniversidad de Zaragoza$$bContabilidad y Finanzas$$cEconomía Financiera y Contabilidad 000169538 8560_ $$f780086@unizar.es 000169538 8564_ $$s570187$$uhttps://zaguan.unizar.es/record/169538/files/TAZ-TFM-2025-1449.pdf$$yMemoria (spa) 000169538 909CO $$ooai:zaguan.unizar.es:169538$$pdriver$$ptrabajos-fin-master 000169538 950__ $$a 000169538 951__ $$adeposita:2026-03-04 000169538 980__ $$aTAZ$$bTFM$$cECON 000169538 999__ $$a20250909122514.CREATION_DATE